Reflections of an industrialist: from mudhouse to millionaire (Record no. 477504)

000 -LEADER
fixed length control field 00362cam a22001337a 4500
008 - FIXED-LENGTH DATA ELEMENTS--GENERAL INFORMATION
fixed length control field 180718b1992 xxu||||| |||| 00| 0 eng d
082 ## - DEWEY DECIMAL CLASSIFICATION NUMBER
Classification number A99 N194
100 ## - MAIN ENTRY--PERSONAL NAME
Personal name Nath, M.
245 ## - TITLE STATEMENT
Title Reflections of an industrialist: from mudhouse to millionaire
Statement of responsibility, etc. by M. Nath
260 ## - PUBLICATION, DISTRIBUTION, ETC.
Place of publication, distribution, etc. Calcutta
Name of publisher, distributor, etc. EMC
Date of publication, distribution, etc. 1992
300 ## - PHYSICAL DESCRIPTION
Extent 187p.
500 ## - GENERAL NOTE
General note Rs.95.00
650 ## - SUBJECT ADDED ENTRY--TOPICAL TERM
Topical term or geographic name entry element Enterpreneurs
Holdings
Withdrawn status Lost status Damaged status Not for loan Permanent Location Current Location Date acquired Full call number Barcode Date last seen Price effective from Koha item type
        Indian Institute of Public Administration Indian Institute of Public Administration 2018-08-04 A99 N194 GR12652 2018-08-04 2018-08-04 GR

Powered by Koha